000 01644nam0a2200325 4500
001 RU\NLR\bibl\1015570
005 20260405125256.0
010 _a5-7433-1635-X
_9500
021 _aRU
_b2006-64782
_93241
035 _a(NLR Aleph) 001003147
090 _a591393
_c591393
100 _a20061201d2006 |||y0rusy50 ca
101 0 _arus
102 _aRU
105 _aa |||||||||
200 1 _aМатематическое моделирование нелинейных процессов в электродинамических системах
_fИ.Н. Антонов, А.Г. Лавкин
_gМ-во образования Рос. Федерации, Федер. агентство по образованию, Сарат. гос. техн. ун-т
210 _aСаратов
_cСаратовский государственный технический университет
_d2006
215 _a122,[1] с.
_cил.
_d21
320 _aБиблиогр.: с. 108-120 (326 назв.)
606 1 _aМатематическое моделирование
_xПрименение в электродинамике нелинейной
_92448139
_3RU\NLR\auth\661455814
686 _aВ313.23с11
700 1 _4070
_8rus
_7ca
_aАнтонов
_bИ. Н.
_cканд. физ.-мат. наук
_gИгорь Николаевич
_3RU\NLR\auth\7750614
_933548
701 1 _4070
_8rus
_7ca
_aЛавкин
_bА. Г.
_gАлександр Григорьевич
_3RU\NLR\auth\7750613
_933547
801 0 _aRU
_bNLR
_c20061201
_grcr
801 1 _aRU
_bNLR
_c20061201
830 _aавт. по кн.
942 _cBOOK
980 _aNB
980 _aNBR